00958nam a22002297a 450000500170000001000130001702000230003003500130005303700160006604000120008208200170009424501050011126000550021627000770027130000310034865000430037965000290042270000390045194200260049099900190051695201930053520170124110009.0 aA-646764 c250.00a8185194157 aA-646764 bCen Lib/Ret aDPLbEN a370.113bTEC aTechnical and vocational programmes through distance education /cedited by R.V.R. Chandrasekhar Rao aHyderabadbDr. B.R. Ambedkar Open Universityc1993 aK.B. Satyanarayan Booklinks Corporation Narayanaguda bHyderabade500029 axi,244p. :c21cm(Hb)bill. aEducation--Vocational programme974439 aDistance Education97875 aRao, R.V.R. Chandrasekhara 917504 2ddccENh370.113mTEC c126431d126431 04104070aLbLd2015-06-25eCen Lib/Retg250.00l0o370.113 TECpA-646764r2015-06-25 00:00:00t1v250.00w2015-06-25yENzWritten off on approval by DLB (By Circulation); dtd 15-06-2023